The Irish and the Spanish Civil War, 1936-39 (Record no. 188903)
[ view plain ]
| 000 -LEADER | |
|---|---|
| campo de control de longitud fija | 00908nam a2200241 i 4500 |
| 001 - NÚMERO DE CONTROL | |
| campo de control | 188903 |
| 003 - IDENTIFICADOR DE NÚMERO DE CONTROL | |
| campo de control | SpMaBN |
| 005 - FECHA Y HORA DE LA ÚLTIMA TRANSACCIÓN | |
| campo de control | 20240102184722.0 |
| 008 - DATOS DE LONGITUD FIJA--INFORMACIÓN GENERAL | |
| campo de control de longitud fija | 190225s1999 xxkabc |||| | eng d |
| 020 ## - NÚMERO INTERNACIONAL ESTÁNDAR DEL LIBRO | |
| Número Internacional Estándar del Libro | 1901341135 |
| 080 ## - NÚMERO DE LA CLASIFICACIÓN DECIMAL UNIVERSAL | |
| Número de la Clasificación Decimal Universal | 946.0"1936/39" |
| 100 1# - ENTRADA PRINCIPAL--NOMBRE DE PERSONA | |
| Nombre de persona | Stradling, R. A. |
| 9 (RLIN) | 221347 |
| 245 14 - MENCIÓN DEL TÍTULO | |
| Título | The Irish and the Spanish Civil War, 1936-39 |
| Resto del título | : crusades in conflict / |
| Mención de responsabilidad, etc. | Robert Stradling. |
| 260 ## - PUBLICACIÓN, DISTRIBUCIÓN, ETC. | |
| Lugar de publicación, distribución, etc. | Manchester : |
| Nombre del editor, distribuidor, etc. | Manchester University Press, |
| Fecha de publicación, distribución, etc. | [1999] |
| 300 ## - DESCRIPCIÓN FÍSICA | |
| Extensión | XI, [5] p. de mapas, 288 p. : |
| Otras características físicas | il. ; |
| Dimensiones | 22 cm. |
| 500 ## - NOTA GENERAL | |
| Nota general | Índice. |
| 504 ## - NOTA DE BIBLIOGRAFÍA, ETC. | |
| Nota de bibliografía, etc. | Bibliografía: p. 272-280. |
| 651 #7 - PUNTO DE ACCESO ADICIONAL DE MATERIA--NOMBRE GEOGRÁFICO | |
| Nombre geográfico | España- |
| Subdivisión general | Historia- |
| Subdivisión cronológica | 1936-1939, Guerra civil- |
| Subdivisión general | Participación irlandesa. |
| 9 (RLIN) | 166448 |
| 852 ## - LOCALIZACIÓN | |
| Ubicación | ES-MaACL |
| Número de control de estantería | A-14402 |
| itemnumber | 196037 |
| Sublocalización o colección | R.151790 |
| Ubicación en estantería | Depósito 1 |
| Signatura antigua | Olim: N-7402 |
| Donativo/Legado | Donación: Embajada de Irlanda |
| 914 ## - NOMBRE ENTIDAD DE DONANTE | |
| RLIN | 234032 |
| Nombre de congreso/reunión o jurisdicción como elemento de entrada | Embajada de Irlanda en España |
| Unidad subordinada | Donante |
| 942 ## - ELEMENTOS DE ENTRADA SECUNDARIOS (KOHA) | |
| Fuente del sistema de clasificación o colocación | Clasificación decimal universal |
| Tipo de ítem Koha | Libro impreso |
| Estatus retirado | Estado de pérdida | Fuente del sistema de clasificación o colocación | Estado de daño | No para préstamo | Biblioteca de origen | Biblioteca actual | Ubicación en estantería | Fecha de adquisición | Fuente de adquisición | Total de préstamos | Signatura topográfica completa | Código de barras | Visto por última vez | Precio de reemplazo | Tipo de ítem Koha |
|---|---|---|---|---|---|---|---|---|---|---|---|---|---|---|---|
| Clasificación decimal universal | Biblioteca del Ateneo de Madrid | Biblioteca del Ateneo de Madrid | Depósito 1 | 25/02/2019 | Donación | A-14402 | 1200052 | 23/02/2023 | 23/02/2023 | Libro impreso |
